Statistics for Countries of the World Without a Map

Click here to take the quiz!

General Stats

  • This quiz has been taken 31 times
  • The average score is 156 of 196

Answer Stats

Answer% Correct
Afghanistan
92%
Albania
92%
Andorra
92%
Argentina
92%
Australia
92%
Austria
92%
Bahamas
92%
France
92%
United Kingdom
92%
Algeria
88%
Angola
88%
Azerbaijan
88%
Bahrain
88%
Belize
88%
Brazil
88%
Brunei
88%
Canada
88%
Chile
88%
China
88%
Costa Rica
88%
Cyprus
88%
Dominican Republic
88%
Estonia
88%
Ghana
88%
Greece
88%
Indonesia
88%
Iran
88%
Iraq
88%
Ireland
88%
Malaysia
88%
North Korea
88%
Norway
88%
Russia
88%
Serbia
88%
Tunisia
88%
United States
88%
Barbados
84%
Belgium
84%
Chad
84%
Colombia
84%
Czech Republic
84%
Denmark
84%
Djibouti
84%
Egypt
84%
Ethiopia
84%
Finland
84%
Georgia
84%
Germany
84%
Guinea
84%
Hungary
84%
Iceland
84%
Italy
84%
Japan
84%
Latvia
84%
Lesotho
84%
Lithuania
84%
Mali
84%
Mexico
84%
Morocco
84%
Netherlands
84%
Oman
84%
Pakistan
84%
Senegal
84%
Seychelles
84%
Somalia
84%
South Africa
84%
South Korea
84%
South Sudan
84%
Spain
84%
Sudan
84%
Tajikistan
84%
Uzbekistan
84%
Venezuela
84%
Antigua and Barbuda
80%
Benin
80%
Bhutan
80%
Bosnia and Herzegovina
80%
Bulgaria
80%
Croatia
80%
Cuba
80%
Dominica
80%
D.R. Congo
80%
Eritrea
80%
Fiji
80%
Guatemala
80%
Guinea-Bissau
80%
Haiti
80%
Honduras
80%
India
80%
Israel
80%
Jamaica
80%
Jordan
80%
Kazakhstan
80%
Laos
80%
Liberia
80%
Libya
80%
Luxembourg
80%
Madagascar
80%
Micronesia
80%
Mongolia
80%
Montenegro
80%
New Zealand
80%
Niger
80%
Nigeria
80%
Panama
80%
Paraguay
80%
Peru
80%
Philippines
80%
Poland
80%
Portugal
80%
Qatar
80%
Republic of the Congo
80%
Romania
80%
Saudi Arabia
80%
Slovakia
80%
Sweden
80%
Switzerland
80%
Thailand
80%
Trinidad and Tobago
80%
Turkmenistan
80%
Ukraine
80%
United Arab Emirates
80%
Uruguay
80%
Vatican City
80%
Yemen
80%
Zimbabwe
80%
Armenia
76%
Bangladesh
76%
Belarus
76%
Bolivia
76%
Burundi
76%
Cambodia
76%
Cameroon
76%
Cape Verde
76%
Central African Republic
76%
Comoros
76%
Côte d'Ivoire
76%
Ecuador
76%
El Salvador
76%
Equatorial Guinea
76%
Gambia
76%
Grenada
76%
Guyana
76%
Kenya
76%
Kyrgyzstan
76%
Malawi
76%
Maldives
76%
Malta
76%
Moldova
76%
Mozambique
76%
Myanmar
76%
Nepal
76%
Nicaragua
76%
North Macedonia
76%
Palau
76%
Papua New Guinea
76%
Rwanda
76%
Saint Lucia
76%
Samoa
76%
Sao Tome and Principe
76%
Singapore
76%
Slovenia
76%
Taiwan
76%
Tanzania
76%
Togo
76%
Tonga
76%
Tuvalu
76%
Uganda
76%
Vietnam
76%
Zambia
76%
Lebanon
72%
Liechtenstein
72%
Marshall Islands
72%
Monaco
72%
Nauru
72%
Saint Kitts and Nevis
72%
Saint Vincent and the Grenadines
72%
San Marino
72%
Sierra Leone
72%
Syria
72%
Timor-Leste
72%
Botswana
68%
Burkina Faso
68%
Kuwait
68%
Mauritania
68%
Solomon Islands
68%
Sri Lanka
68%
Suriname
68%
Vanuatu
68%
Gabon
64%
Mauritius
64%
Namibia
64%
Kiribati
56%
Palestine
56%
Turkiye
24%
Eswatini (Swaziland)
0%

Score Distribution

Percentile by Number Answered

Percent of People with Each Score

Your Score History

You have not taken this quiz